Acquisti più costosi - Bayern Monaco - Statistics

Statistiche generali
  • Questo quiz è stato fatto 63 volte
  • Il punteggio medio è 16 su 20
Statistiche sulle risposte
Costo (M €) Da Nazione Anno Calciatore % Corretto
39,25 Juventus Cile 2015 Arturo Vidal
100%
67 Juventus Paesi Bassi 2022 Matthijs de Ligt
100%
49 Manchester City Germania 2020 Leroy Sané
95%
32 Liverpool Senegal 2022 Sadio Mané
95%
35 Borussia Dortmund Germania 2016 Mats Hummels
93%
37 Borussia Dortmund Germania 2013 Mario Götze
88%
21 Juventus Francia 2017 Kinglsey Coman
86%
28 Roma Marocco 2014 Medhi Benatia
86%
80 Atletico Madrid Francia 2019 Lucas Hernández
82%
25 Real Madrid Paesi Bassi 2009 Arjen Robben
80%
42,50 Red Bull Lipsia Francia 2021 Dayot Upamecano
80%
30 Olympique Marsiglia Francia 2007 Franck Ribéry
77%
40 Athletic Bilbao Spagna 2012 Javi Martinez
77%
35 Stoccarda Francia 2019 Benjamin Pavard
75%
30 Schalke 04 Germania 2011 Manuel Neuer
75%
30 Shakhtar Donetsk Brasile 2015 Douglas Costa
70%
41,50 Olympique Lione Francia 2017 Corentin Tolisso
68%
35 Benfica Portogallo 2016 Renato Sanches
68%
25 Barcellona Spagna 2013 Thiago
55%
30 Stoccarda Germania 2009 Mario Gomez
50%
Nessun quiz corrispondente trovato
Distribuzione punteggi
Percentuale di utenti per punteggio
Percentile per numero di risposta
I tuoi punteggi nel tempo
Non hai fatto questo quiz